Statistics for Population

Click here to take the quiz!

General Stats

  • This quiz has been taken 21 times
  • The average score is 13 of 15

Answer Stats

HintAnswer% Correct
4th biggest countryChina
100%
PyramidEgypt
94%
TokyoJapan
94%
Biggest CountryRussia
94%
It made McDonaldUSA
94%
Ho chi minVietnam
94%
T-seriesIndia
89%
In North AmericaMexico
89%
It is next to IndiaPakistan
89%
In south AmericaBrazil
83%
Next to SomaliaEthiopia
83%
Next to IndonesiaPhilippines
83%
It is in East AsiaIndonesia
78%
In AfricaNigeria
78%
Near ChinaBangladesh
72%

Score Distribution

Percentile by Number Answered

Percent of People with Each Score

Your Score History

You have not taken this quiz